Close-Up 'M' Images Quiz Stats

 Plays Quiz Updated Feb 15, 2016

Challenge
Share
Tweet
Score 0/20 Timer 04:00
3 Plays Today
% Correct
Magnet
98.3%
Mask
97.9%
Motorcycle
97.3%
Map
96.6%
Magazine
96.5%
Marbles
96.4%
Match
96.2%
Mascara
96.1%
Marshmallows
95.9%
Macaroni
94.9%
% Correct
Mango
93.4%
Mouth
93.1%
Martini
93.1%
Mint
90%
Mittens
89.6%
Maracas
80.5%
Moose
79.9%
Mandrill
75.8%
Macaw
69.4%
Moth
58.4%

You're not logged in!

Compare scores with friends on all Sporcle quizzes.
OR
Log In

You Might Also Like...

Show Comments

Extras

Top Quizzes Today


Score Distribution

Your Account Isn't Verified!

In order to create a playlist on Sporcle, you need to verify the email address you used during registration. Go to your Sporcle Settings to finish the process.

Report this User

Report this user for behavior that violates our Community Guidelines.

Details: